000 01077cam a2200325 a 4500
001 1220
005 20250828155616.0
020 _a9780545035309
020 _a0545035309
040 _aDLC
_cDLC
_dDLC
_dDLC
_beng
050 0 0 _aPZ7.L87734
_bHot 2010
082 0 0 _a[E]
_222
100 1 _aLord, Cynthia.
245 1 0 _aHot Rod Hamster /
_cby Cynthia Lord ; pictures by Derek Anderson.
250 _a1st ed.
260 _aNew York :
_bScholastic Press,
_c2010.
300 _a19 unnumbered pages :
_bcolor illustrations ;
_c27 cm.
505 _aH
520 _aA hamster, with the help of a canine junkyard dealer and his mouse assistants, builts a hot rod and drives it in a race against some very large dogs.
521 _a500
_bLexile
521 _aH
_bRaz-Plus
650 1 _aAutomobiles
_vFiction.
650 1 _aAutomobile racing
_vFiction.
650 1 _aHamsters
_vFiction.
650 1 _aDogs
_vFiction.
650 1 _aMice
_vFiction.
700 1 _aAnderson, Derek,
_d1969-
_eillustrator
906 _a7
_bcbc
_corignew
_d1
_eecip
_f20
_gy-gencatlg
942 _2ddc
_cBK
_n0
999 _c1220
_d1220